Countries that Border Poland - Statistics

General Stats
  • This quiz has been taken 36 times
  • The average score is 7 of 7
Answer Stats
Countries % Correct
Germany
100%
Russia
97%
Ukraine
97%
Belarus
94%
Slovakia
94%
Czech Republic
90%
Lithuania
90%
No matching quizzes found
Score Distribution
Percent of People with Each Score
Percentile by Number Answered
Your Score History
You have not taken this quiz